000 00535nam a22002057a 4500
003 OSt
005 20181004140648.0
008 181004b xxu||||| |||| 00| 0 eng d
020 _a8123908865
040 _cDNLM
082 _aQV752 W14t 1985
100 _aWallis, T. E.
_912710
245 _aTextbook of Pharmacognosy
250 _a5th ed.
260 _aNew Delhi; CBS Publishers, 1985
300 _aix,652p;ill: 21cm
504 _aReferences, appendices, & index included
650 _aPharmacognosy
_912711
942 _2z
_cSLOAN
999 _c6154
_d6154